Every Patriots QB Ever - Statistics

General Stats
  • This quiz has been taken 171 times
  • The average score is 7 of 20
Answer Stats
Year(s) Player % Correct
2001-2018 Tom Brady
100%
1993-2001 Drew Bledsoe
93%
2016 Jimmy Garoppolo
75%
2008 Matt Cassel
67%
2016 Jacoby Brissett
65%
1975-1991 Steve Grogan
60%
1983-1989 Tony Eason
48%
1971-1975 Jim Plunkett
41%
1987-1989 Doug Flutie
32%
1995-1998 Scott Zolak
26%
1991-1992 Hugh Millen
17%
1989-1990 Marc Wilson
16%
1980-1982 Matt Cavanaugh
10%
1993 Scott Secules
10%
1990-1992 Tommy Hodson
8%
1987-1988 Tom Ramsey
7%
1981 Tom Owen
5%
1987 Bob Bleier
4%
1992 Jeff Carlson
4%
1975 Neil Graff
4%
No matching quizzes found
Score Distribution
Percent of People with Each Score
Percentile by Number Answered
Your Score History
You have not taken this quiz